000 00609nam a22002057a 4500
005 20240812125318.0
008 240812b |||||||| |||| 00| 0 eng d
020 _a978-0-07-015143-7
082 _a621.319
_bNAH-E
100 _aNahvi, Mahmood
245 _aElectric Circuits/
_cby Mahmood Nahvi, Joseph A Edminister and K Uma Rao (Adapted)
250 _a5th ed.
260 _aIndia :
_bTata McGraw Hill ;
_c2003
300 _axi, 1.6 p. :
_c23 cm.
500 _aInclude Index.
650 _aElectrical/Engineering
700 _aEdiminister, Joseph A
700 _aRao, K Uma (Adapted)
999 _c36383
_d36383